000
00300nam a22001337a 4500
008
171005b xxu||||| |||| 00| 0 eng d
020
_a
9780201632019
041
_a
eng
080
_a
159.9
100
_a
48
101
_a
PSI
245
_a
A GUIDE FOR FAMILESIES
_c
POWEL.L.S
942
_2
udc
_c
BK
999
_c
31908
_d
31908